000
00299nam a2200121Ia 4500
008
191201s2010 xx 000 0 und d
100
_a
BALAJI, B
245
0
_a
Services Marketing and Management
260
_c
2010
_b
S Chand and Co. Ltd.
_a
N. Delhi
300
_a
436
650
_a
MBA
942
_2
ddc
_c
BB
999
_c
7440
_d
7440